000 00306nam a22001337a 4500
008 170331b xxu||||| |||| 00| 0 eng d
020 _a2900199767822
041 _aeng
080 _a616-053.2
100 _a8
101 _aSHM
245 _aSENSORY INTEGRATION AND THE CHILD
_cAYRES, J
942 _2udc
_cBK
999 _c9228
_d9228